000 00640nam a2200229Ia 4500
003 OSt
005 20221007075154.0
006 a|||||r|||| 00| 0
007 ta
008 221006b |||||||| |||| 00| 0 eng d
024 _a14,065
037 _cTextual
040 _aFLL
_cFLL
_beng
041 _2eng
_aeng
082 _aX:31.2.N65-N50, L9
100 _aRao V.G. Au.
_9693599
245 0 _aCorporation income tax in india 1950-1965
260 _aNew Delhi
_bConcept publishing company India
_c1979
300 _a228p
_ccm.
942 _hX:31.2.N65-N50, L9
_cTEXL
_2CC
999 _c1155078
_d1155078